00000000cam 2200000zi 4500
0019.958060
003CaOODSP
00520251209092159
006m     o  d f      
007cr cn|||||||||
008251208e202511##onc     o    f000 0 eng d
040 |aCaOODSP|beng|erda|cCaOODSP
0410 |aeng|afre
043 |an-cn---
0861 |aYC36-0/451-3-PDF
1101 |aCanada. |bParliament. |bSenate. |bStanding Committee on Audit and Oversight, |eauthor, |eissuing body.
24510|aSenate audit and oversight charter = |bCharte d'audit et de surveillance du Sénat.
24611|aCharte d'audit et de surveillance du Sénat
250 |a[November 2025 edition].
264 1|a[Ottawa] : |bSenate, Canada = Sénat, Canada, |cNovember 2025.
300 |a1 online resource (30 pages).
336 |atext|btxt|2rdacontent
337 |acomputer|bc|2rdamedia
338 |aonline resource|bcr|2rdacarrier
4901 |a[Report of the Standing Committee on Audit and Oversight] ; |v[3rd report, 45th Parliament, 1st Session]
500 |aIssued by: Standing Committee on Audit and Oversight.
520 |a"The Senate Audit and Oversight Charter (the charter) codifies the fundamental principles that govern the administrative practices of the committee. It outlines the structure, obligations and responsibilities that the committee must follow, with such modifications as the circumstances require. The Rules establish the committee's mandate and set out procedures to be followed. In the case of any discrepancy, the Rules take precedence over any practice outlined in this charter"--Purpose of the charter, page 3.
546 |aText in English and French.
61010|aCanada. |bParliament. |bSenate. |bStanding Committee on Audit and Oversight|vCharters.
61010|aCanada. |bParliament. |bSenate|xRules and practice.
61010|aCanada. |bParliament. |bSenate|xAuditing.
788 |tSenate audit and oversight charter = |efre|w(CaOODSP)9.958061
795 |tSenate audit and oversight charter = |b[June 2022 edition]|w(CaOODSP)9.912092
830#0|aReport of the Standing Committee on Audit and Oversight ;|v3rd report, 45th Parliament, 1st Session.|w(CaOODSP)9.911981
85640|qPDF|s792 KB|uhttps://publications.gc.ca/collections/collection_2025/sen/yc36-0/YC36-0-451-3.pdf